Python machine learning : (Record no. 7349)

MARC details
000 -LEADER
fixed length control field 00721nam a22002177a 4500
003 - CONTROL NUMBER IDENTIFIER
control field OSt
005 - DATE AND TIME OF LATEST TRANSACTION
control field 20211007174905.0
008 - FIXED-LENGTH DATA ELEMENTS--GENERAL INFORMATION
fixed length control field 211007b ||||| |||| 00| 0 eng d
020 ## - INTERNATIONAL STANDARD BOOK NUMBER
International Standard Book Number 9781787125933
040 ## - CATALOGING SOURCE
Transcribing agency DDC
082 ## - DEWEY DECIMAL CLASSIFICATION NUMBER
Classification number 004 RAS 2017
100 ## - MAIN ENTRY--PERSONAL NAME
Personal name Raschka, Sebastian:Vahid Mirajalili
9 (RLIN) 15058
245 ## - TITLE STATEMENT
Title Python machine learning :
Remainder of title machine learning and deep learning with Python, scikit-learn, and TensorFlow
250 ## - EDITION STATEMENT
Edition statement Second edition
260 ## - PUBLICATION, DISTRIBUTION, ETC. (IMPRINT)
Place of publication, distribution, etc. Birmingham, UK :
Name of publisher, distributor, etc. Packt Publishing,
Date of publication, distribution, etc. 2017
300 ## - PHYSICAL DESCRIPTION
Extent xviii, 595 pages :
Other physical details illustrations ;
Dimensions 24 cm
504 ## - BIBLIOGRAPHY, ETC. NOTE
Bibliography, etc Includes index.
650 ## - SUBJECT ADDED ENTRY--TOPICAL TERM
Topical term or geographic name as entry element Python (Computer program language)
9 (RLIN) 14043
650 ## - SUBJECT ADDED ENTRY--TOPICAL TERM
Topical term or geographic name as entry element Machine learning
9 (RLIN) 14260
942 ## - ADDED ENTRY ELEMENTS (KOHA)
Source of classification or shelving scheme Dewey Decimal Classification
Koha item type Book
Holdings
Withdrawn status Lost status Source of classification or shelving scheme Damaged status Not for loan Home library Current library Date acquired Source of acquisition Inventory number Total Checkouts Full call number Barcode Date last seen Koha item type Checked out Date last checked out
    Dewey Decimal Classification     MUST Main Library MUST Main Library 07/10/2021 Purchase 21/41524   004 RAS 2017 2021-1448 07/10/2021 Open Shelf    
    Dewey Decimal Classification     MUST Main Library MUST Main Library 07/10/2021 Purchase 21/41523 2 004 RAS 2017 2021-1449 06/04/2024 Open Shelf 20/04/2024 06/04/2024